000 00657cam a22002293a 4500
001 15540
003 PGUSA
005 20140828083331.0
008 050404s2005||||xxu|||||s|||||000 | eng d
040 _aPGUSA
_beng
042 _adc
050 4 _aPZ
100 1 _aOptic, Oliver,
_d1822-1897
245 1 0 _aAcross India :
_bOr, Live Boys in the Far East
_h[electronic resource] /
_cOliver Optic
260 _bProject Gutenberg,
_c2005
506 _aPublic domain in the USA.
516 _aElectronic text
653 _aIndia -- Juvenile literature
830 0 _aProject Gutenberg
_v15540
856 4 0 _uhttp://www.gutenberg.org/ebooks/15540
942 _cEB
999 _c244795
_d244795